[Event "Olympiad Women-39"]
[Site "Khanty-Mansiysk"]
[Date "2010.10.03"]
[Round "11.22"]
[White "Homiakova, Ekaterina"]
[Black "Otgonjargal, Sengeravdan"]
[Result "1-0"]
[WhiteElo "2134"]
[BlackElo "2143"]
[PlyCount "79"]
[EventDate "2010.09.21"]
[EventType "team-swiss"]
[EventRounds "11"]
[EventCountry "RUS"]
[SourceTitle "CBM 139"]
[Source "ChessBase"]
[SourceDate "2010.11.18"]
[SourceVersion "1"]
[SourceVersionDate "2010.11.18"]
[SourceQuality "1"]
[WhiteTeam "Belarus (W)"]
[BlackTeam "Mongolia (W)"]
[WhiteTeamCountry "BLR"]
[BlackTeamCountry "MGL"]

1. e4 e5 2. Nf3 Nc6 3. Bb5 a6 4. Ba4 Nf6 5. 0-0 b5 6. Bb3 Be7 7. Re1 d6 8. c3 0-0 9. h3 Nb8 10. d4 Nbd7 11. Nbd2 Bb7 12. Bc2 c5 13. Nf1 Re8 14. d5 Bf8 15. g4 g6 16. Ng3 Nb6 17. Kh2 Bg7 18. Rg1 Kh8 19. Bg5 Qc7 20. Qe2 a5 21. Rg2 h6 22. Be3 Ng8 23. Rag1 b4 24. g5 Bc8 25. Nh4 Nd7 26. gxh6 Bf6 27. Nhf5 Nf8 28. Nh5 Nh7 29. Nfg7 Rf8 30. Nxf6 Ngxf6 31. f4 exf4 32. Bxf4 Qd7 33. Qf3 Ne8 34. e5 Nxg7 35. hxg7+ Kxg7 36. e6 Qe7 37. exf7 Qxf7 38. Rxg6+ Kh8 39. Be5+ dxe5 40. Qxf7 1-0

[Event "Olympiad Women-39"]
[Site "Khanty-Mansiysk"]
[Date "2010.09.28"]
[Round "7.15"]
[White "Salazar, Aura Cristina"]
[Black "Homiakova, Ekaterina"]
[Result "0-1"]
[WhiteElo "2169"]
[BlackElo "2134"]
[PlyCount "82"]
[EventDate "2010.09.21"]
[EventType "team-swiss"]
[EventRounds "11"]
[EventCountry "RUS"]
[SourceTitle "CBM 139"]
[Source "ChessBase"]
[SourceDate "2010.11.18"]
[SourceVersion "1"]
[SourceVersionDate "2010.11.18"]
[SourceQuality "1"]
[WhiteTeam "Columbia (W)"]
[BlackTeam "Belarus (W)"]
[WhiteTeamCountry "COL"]
[BlackTeamCountry "BLR"]

1. e4 c5 2. Nf3 Nc6 3. d4 cxd4 4. Nxd4 g6 5. Nc3 Bg7 6. Be3 Nf6 7. Bc4 Qa5 8. 0-0 0-0 9. Bb3 d6 10. h3 Bd7 11. f4 Nxd4 12. Bxd4 Bc6 13. Nd5 Rfe8 14. f5 Bxd5 15. exd5 Nd7 16. Bxg7 Kxg7 17. Qd4+ Ne5 18. Kh1 Rac8 19. Rae1 Qc5 20. Qf4 f6 21. fxg6 hxg6 22. Re3 b5 23. Rg3 a5 24. a3 a4 25. Ba2 Rh8 26. c3 Rh5 27. Re1 Rch8 28. Qd2 Kf7 29. Bb1 R8h6 30. Re4 Kf8 31. Rxe5 dxe5 32. Bxg6 Rh4 33. Qd3 Rf4 34. d6 exd6 35. Be4 Rh5 36. Bd5 Rg5 37. Rxg5 fxg5 38. Kh2 g4 39. hxg4 e4 40. Bxe4 Qe5 41. g3 Rxe4 0-1

[Event "Chigorin Memorial 17th"]
[Site "St Petersburg"]
[Date "2009.10.23"]
[Round "8"]
[White "Bazeev, German"]
[Black "Homiakova, Ekaterina"]
[Result "0-1"]
[WhiteElo "2274"]
[BlackElo "2122"]
[PlyCount "100"]
[EventDate "2009.10.16"]
[EventType "swiss"]
[EventRounds "9"]
[EventCountry "RUS"]
[SourceTitle "CBM 132 Extra"]
[Source "ChessBase"]
[SourceDate "2009.11.03"]
[SourceVersion "1"]
[SourceVersionDate "2009.11.03"]
[SourceQuality "1"]

1. d4 Nf6 2. Nf3 c5 3. d5 d6 4. Nc3 g6 5. h3 Bg7 6. e4 0-0 7. Bd3 Na6 8. 0-0 Nc7 9. a4 Bd7 10. Re1 a6 11. a5 Nb5 12. Bd2 b6 13. axb6 Nxc3 14. Bxc3 Qxb6 15. Bf1 Qb7 16. g3 e6 17. dxe6 Bxe6 18. Bg2 d5 19. Bxf6 Bxf6 20. e5 Be7 21. b3 Qb6 22. Qd2 Rfd8 23. Ng5 Ra7 24. Nxe6 fxe6 25. h4 c4 26. Rab1 c3 27. Qe2 Bc5 28. b4 Bxb4 29. Kh1 a5 30. Qg4 Re8 31. f4 Rd7 32. Rf1 Rg7 33. h5 Qd8 34. h6 Rf7 35. Bf3 Qe7 36. Be2 Kh8 37. Bd3 Rd8 38. Kg2 Rb8 39. Ra1 Rd8 40. Qe2 Rb8 41. Bb5 Qf8 42. Qg4 Rxb5 43. Qxe6 Qe7 44. Qg4 d4 45. Rf3 Rf5 46. Qh3 Qb7 47. Raf1 d3 48. Qh4 Be7 49. Qh2 Rh5 50. Qg1 Bc5 0-1

[Event "Chigorin Memorial 17th"]
[Site "St Petersburg"]
[Date "2009.10.22"]
[Round "7"]
[White "Ulanov, Alexandr"]
[Black "Homiakova, Ekaterina"]
[Result "1-0"]
[WhiteElo "2312"]
[BlackElo "2122"]
[PlyCount "115"]
[EventDate "2009.10.16"]
[EventType "swiss"]
[EventRounds "9"]
[EventCountry "RUS"]
[SourceTitle "CBM 132 Extra"]
[Source "ChessBase"]
[SourceDate "2009.11.03"]
[SourceVersion "1"]
[SourceVersionDate "2009.11.03"]
[SourceQuality "1"]

1. Nf3 c5 2. g3 g6 3. Bg2 Bg7 4. 0-0 Nc6 5. c4 e6 6. Nc3 Nge7 7. d3 0-0 8. Rb1 d5 9. cxd5 Nxd5 10. Bd2 b6 11. Qa4 Bb7 12. Rfc1 Qe7 13. Bg5 Qd7 14. a3 Rfc8 15. Qh4 Nd4 16. Nxd4 cxd4 17. Ne4 f5 18. Nf6+ Nxf6 19. Bxb7 Qxb7 20. Bxf6 e5 21. Bxg7 Kxg7 22. Qg5 Qd7 23. Qd2 Qd5 24. Qb4 Kf6 25. Qa4 a5 26. Qd1 h5 27. h4 Kf7 28. Qd2 Qe6 29. b4 axb4 30. Qxb4 Rc6 31. Rxc6 Qxc6 32. Qb2 Qd6 33. Qb3+ Kg7 34. a4 Qc6 35. Qb4 Rxa4 36. Qe7+ Kg8 37. Qxe5 Ra2 38. f3 Rc2 39. Qb8+ Qc8 40. Qxc8+ Rxc8 41. Rxb6 Kf7 42. Rd6 f4 43. Rxd4 fxg3 44. Kg2 Rc2 45. Re4 Kf6 46. Kxg3 g5 47. hxg5+ Kxg5 48. Re5+ Kf6 49. d4 Rd2 50. e4 Rxd4 51. Rxh5 Kg6 52. Rd5 Ra4 53. Kf4 Ra3 54. Rd6+ Kf7 55. e5 Ke7 56. Rb6 Rc3 57. Ke4 Rc4+ 58. Kf5 1-0

[Event "Chigorin Memorial 17th"]
[Site "St Petersburg"]
[Date "2009.10.18"]
[Round "3"]
[White "Homiakova, Ekaterina"]
[Black "Tzouvelekis, Ioannis"]
[Result "1-0"]
[WhiteElo "2122"]
[BlackElo "1926"]
[PlyCount "77"]
[EventDate "2009.10.16"]
[EventType "swiss"]
[EventRounds "9"]
[EventCountry "RUS"]
[SourceTitle "CBM 132 Extra"]
[Source "ChessBase"]
[SourceDate "2009.11.03"]
[SourceVersion "1"]
[SourceVersionDate "2009.11.03"]
[SourceQuality "1"]

1. e4 e6 2. d4 d5 3. Nd2 dxe4 4. Nxe4 Nd7 5. Nf3 Ngf6 6. Nxf6+ Nxf6 7. Bd3 c5 8. Be3 cxd4 9. Bxd4 Be7 10. 0-0 0-0 11. Qe2 Qc7 12. Rad1 Rd8 13. c3 Bd7 14. Ne5 Be8 15. Qe3 Nd5 16. Qh3 g6 17. Ng4 Nf4 18. Qh6 Nh5 19. Rfe1 Rd5 20. Be5 Qd8 21. Qe3 Bg5 22. Qe2 f5 23. c4 Rd7 24. Ne3 Bf4 25. Bc3 Bh6 26. g3 Bf7 27. c5 Qe7 28. b4 a6 29. Nc4 Re8 30. Nd6 Rf8 31. Bc4 Ng7 32. Bxg7 Bxg7 33. Nxf7 Rxd1 34. Qxd1 Bc3 35. Re3 Bxb4 36. Ne5 Bxc5 37. Rd3 Bb6 38. Nd7 Rc8 39. Nxb6 1-0

[Event "BLR-ch U20 Girls"]
[Site "Minsk"]
[Date "2009.08.15"]
[Round "6"]
[White "Homiakova, Ekaterina"]
[Black "Ziaziulkina, Nastassia"]
[Result "1/2-1/2"]
[WhiteElo "2102"]
[BlackElo "2101"]
[PlyCount "122"]
[EventDate "2009.08.10"]
[EventType "tourn"]
[EventRounds "9"]
[EventCountry "BLR"]
[SourceTitle "CBM 132 Extra"]
[Source "ChessBase"]
[SourceDate "2009.11.03"]
[SourceVersion "1"]
[SourceVersionDate "2009.11.03"]
[SourceQuality "1"]

1. e4 c5 2. Nf3 d6 3. d4 cxd4 4. Nxd4 Nf6 5. Nc3 e6 6. Be2 a6 7. 0-0 Be7 8. a4 0-0 9. f4 Qc7 10. Kh1 Nc6 11. Be3 Bd7 12. Nb3 Nb4 13. a5 Rac8 14. Bf3 Bc6 15. Nd4 Rfe8 16. Nxc6 Nxc6 17. Na4 Nd7 18. Nb6 Nxb6 19. Bxb6 Qd7 20. Qd2 Bd8 21. Be3 Bxa5 22. Rxa5 Nxa5 23. Qxa5 Rxc2 24. Bd4 Rc4 25. Bc3 Qb5 26. Qa1 Rc7 27. Rd1 Qc6 28. h3 b5 29. Qa3 Rd7 30. Qb4 e5 31. Bg4 Rdd8 32. fxe5 dxe5 33. Rxd8 Rxd8 34. Bxe5 Re8 35. Qc3 Qxc3 36. Bxc3 Rxe4 37. Bf3 Re6 38. Kg1 Kf8 39. Kf2 f6 40. Bd5 Rb6 41. Bb4+ Ke8 42. Ke3 Kd7 43. Bc5 Rb8 44. b4 Re8+ 45. Kd3 Kc7 46. Be4 g6 47. g4 Rd8+ 48. Bd4 Rf8 49. Ke3 f5 50. gxf5 gxf5 51. Bf3 Rf7 52. Kf4 Kd6 53. Bd1 Rd7 54. Kxf5 Kd5 55. Bc5 Kc4 56. Be2+ Kc3 57. Ke6 Rd2 58. Bf3 Rh2 59. Bb7 Rxh3 60. Kf5 Rh6 61. Kg5 Re6 1/2-1/2

[Event "BLR-ch (Women)"]
[Site "Minsk"]
[Date "2009.01.21"]
[Round "7"]
[White "Homiakova, Ekaterina"]
[Black "Stetsko, Lanita"]
[Result "0-1"]
[WhiteElo "2110"]
[BlackElo "2096"]
[PlyCount "90"]
[EventDate "2009.01.15"]
[EventType "tourn"]
[EventRounds "9"]
[EventCountry "BLR"]
[SourceTitle "CBM 128 Extra"]
[Source "ChessBase"]
[SourceDate "2009.03.05"]
[SourceVersion "2"]
[SourceVersionDate "2009.03.25"]
[SourceQuality "1"]

1. e4 e6 2. d4 d5 3. Nc3 Bb4 4. e5 Ne7 5. Bd2 Bxc3 6. Bxc3 b6 7. f4 Ba6 8. Bxa6 Nxa6 9. Qd3 Qc8 10. Nf3 c5 11. 0-0 cxd4 12. Nxd4 Nc5 13. Qb5+ Qd7 14. Qxd7+ Kxd7 15. f5 Rhf8 16. f6 gxf6 17. exf6 Ng6 18. Bd2 Ne4 19. Bh6 Rfc8 20. c3 b5 21. Nf3 Rc4 22. h4 Ng3 23. Rfe1 Ke8 24. Rad1 Rd8 25. Bg5 h6 26. Bxh6 Nxh4 27. Ne5 Re4 28. Kf2 Nhf5 29. Bc1 Rc8 30. Rd3 Rxe1 31. Kxe1 Kf8 32. Bf4 Ne4 33. g4 Nfd6 34. Bh6+ Kg8 35. g5 Nc4 36. Nxc4 Rxc4 37. Rh3 Kh7 38. Bf8+ Kg6 39. Be7 Nxg5 40. Rh8 a6 41. Kd2 Ne4+ 42. Kd3 Nxf6 43. Ra8 Rc6 44. Rh8 Ne4 45. Rh1 Nf2+ 0-1

[Event "BLR-ch U20 Girls"]
[Site "Minsk"]
[Date "2008.04.19"]
[Round "6"]
[White "Homiakova, Ekaterina"]
[Black "Homiakova, Elena"]
[Result "1/2-1/2"]
[WhiteElo "2112"]
[BlackElo "2038"]
[PlyCount "22"]
[EventDate "2008.04.14"]
[EventType "tourn"]
[EventRounds "9"]
[EventCountry "BLR"]
[SourceTitle "EXT 2011"]
[Source "ChessBase"]
[SourceDate "2010.11.26"]
[SourceVersion "1"]
[SourceVersionDate "2010.11.26"]
[SourceQuality "1"]

1. e4 c5 2. Nf3 Nc6 3. d4 cxd4 4. Nxd4 g6 5. c4 Nf6 6. Nc3 d6 7. Be2 Nxd4 8. Qxd4 Bg7 9. Be3 0-0 10. Qd2 Be6 11. 0-0 Qa5 1/2-1/2

[Event "BLR-ch (Women) 52nd"]
[Site "Minsk"]
[Date "2008.03.10"]
[Round "1"]
[White "Scherbakova, Alisa"]
[Black "Homiakova, Ekaterina"]
[Result "1-0"]
[WhiteElo "1920"]
[BlackElo "2105"]
[PlyCount "67"]
[EventDate "2008.03.10"]
[EventType "swiss"]
[EventRounds "11"]
[EventCountry "BLR"]
[SourceTitle "CBM 123 Extra"]
[Source "ChessBase"]
[SourceDate "2008.05.06"]
[SourceVersion "1"]
[SourceVersionDate "2008.05.06"]
[SourceQuality "1"]

1. e4 c5 2. Nf3 Nc6 3. d4 cxd4 4. Nxd4 g6 5. Nc3 Bg7 6. Be3 Nf6 7. Nxc6 bxc6 8. e5 Ng8 9. Bd4 f6 10. exf6 Nxf6 11. Bc4 d5 12. Bb3 0-0 13. 0-0 Kh8 14. f3 Nd7 15. Bxg7+ Kxg7 16. Qd2 e5 17. Kh1 Qf6 18. Rfe1 Ba6 19. Rad1 Rae8 20. Bxd5 cxd5 21. Nxd5 Qd6 22. Qa5 Bc8 23. Nc7 Qb6 24. Nxe8+ Rxe8 25. Qc3 Qf6 26. Qc7 Qf7 27. Qxa7 Re7 28. b3 Nf6 29. Qb8 Rc7 30. c4 e4 31. fxe4 Bb7 32. Qd8 Bxe4 33. Rf1 Bb7 34. Rxf6 1-0

[Event "Bykova Memorial op (Women)"]
[Site "Vladimir"]
[Date "2007.12.15"]
[Round "2"]
[White "Borisova, Elizaveta"]
[Black "Homiakova, Ekaterina"]
[Result "0-1"]
[WhiteElo "2266"]
[BlackElo "2106"]
[PlyCount "124"]
[EventDate "2007.12.14"]
[EventType "swiss"]
[EventRounds "10"]
[EventCountry "RUS"]
[SourceTitle "CBM 122 Extra"]
[Source "ChessBase"]
[SourceDate "2008.03.04"]
[SourceVersion "1"]
[SourceVersionDate "2008.03.04"]
[SourceQuality "1"]

1. d4 Nf6 2. c4 c5 3. d5 b5 4. Nf3 d6 5. Qc2 g6 6. e4 Bg7 7. cxb5 a6 8. a4 axb5 9. Bxb5+ Bd7 10. Na3 0-0 11. 0-0 Bxb5 12. axb5 Nbd7 13. Bd2 Nb6 14. Bc3 Qd7 15. Nd2 Rfb8 16. b3 Ne8 17. Bxg7 Kxg7 18. Ndc4 Nc7 19. Na5 Nxb5 20. Nc6 Nd4 21. Nxb8 Nxc2 22. Nxd7 Nxa1 23. Rxa1 Nxd7 24. Kf1 Ne5 25. Ke2 g5 26. f3 Kf6 27. Nc2 Rxa1 28. Nxa1 e6 29. Nc2 exd5 30. exd5 Ng6 31. g3 Ke5 32. Ne3 Kd4 33. Ng4 Kxd5 34. Nf6+ Ke6 35. Ne4 h6 36. g4 Nf4+ 37. Kd2 Nd5 38. Ng3 Ne7 39. Nh5 f5 40. Kd3 f4 41. Kc4 Kf7 42. Kb5 Ng6 43. Kc6 Ne5+ 44. Kxd6 Nxf3 45. Kxc5 Nxh2 46. b4 Nxg4 47. b5 Ne5 48. Kd6 Nc4+ 49. Kd5 Nb6+ 50. Ke4 Kg6 51. Nxf4+ gxf4 52. Kxf4 Kh5 53. Kg3 Kg5 54. Kh3 h5 55. Kg3 h4+ 56. Kf3 Kf5 57. Kg2 Kg4 58. Kh2 h3 59. Kh1 Kg3 60. Kg1 Nd5 61. Kh1 Nf6 62. b6 Ne4 0-1

[Event "EU-ch U18 Girls 17th"]
[Site "Sibenik"]
[Date "2007.09.21"]
[Round "8"]
[White "Homiakova, Ekaterina"]
[Black "Chierici, Marianna"]
[Result "1-0"]
[WhiteElo "2089"]
[BlackElo "2004"]
[PlyCount "63"]
[EventDate "2007.09.14"]
[EventType "swiss"]
[EventRounds "9"]
[EventCountry "CRO"]
[SourceTitle "CBM 120 Extra"]
[Source "ChessBase"]
[SourceDate "2007.11.01"]
[SourceVersion "1"]
[SourceVersionDate "2007.11.01"]
[SourceQuality "1"]

1. e4 d6 2. d4 Nf6 3. Nc3 e5 4. Nf3 Nbd7 5. Bc4 Be7 6. 0-0 0-0 7. a4 c6 8. Qe2 Re8 9. Ba2 exd4 10. Nxd4 Bf8 11. Qf3 Qe7 12. Nf5 Qe5 13. Bf4 Qc5 14. Qg3 g6 15. Bxd6 Nxe4 16. Nxe4 Qxf5 17. Bxf8 Rxf8 18. Nd6 Qf6 19. c3 Ne5 20. Nxc8 Raxc8 21. f4 Nd7 22. Rad1 Rcd8 23. f5 Kg7 24. Rd6 Qe5 25. f6+ Kg8 26. Rfd1 Qf5 27. Qd3 Qc5+ 28. Qd4 Qg5 29. Rxd7 Rxd7 30. Qxd7 Qe3+ 31. Kh1 Qf2 32. Qe7 1-0

[Event "EU-ch U18 Girls 17th"]
[Site "Sibenik"]
[Date "2007.09.20"]
[Round "7"]
[White "Ikonomopoulou, Maria"]
[Black "Homiakova, Ekaterina"]
[Result "1-0"]
[WhiteElo "2029"]
[BlackElo "2089"]
[PlyCount "87"]
[EventDate "2007.09.14"]
[EventType "swiss"]
[EventRounds "9"]
[EventCountry "CRO"]
[SourceTitle "CBM 120 Extra"]
[Source "ChessBase"]
[SourceDate "2007.11.01"]
[SourceVersion "1"]
[SourceVersionDate "2007.11.01"]
[SourceQuality "1"]

1. d4 Nf6 2. c4 c5 3. d5 b5 4. cxb5 a6 5. Nc3 axb5 6. e4 b4 7. Nb5 d6 8. Bc4 g6 9. e5 dxe5 10. d6 exd6 11. Bg5 Nbd7 12. Qb3 Nb6 13. Bxf7+ Ke7 14. Rd1 c4 15. Bxc4 Nxc4 16. Qxc4 Be6 17. Qc6 Kf7 18. Nf3 Rc8 19. Qb7+ Qe7 20. Nxd6+ Kg7 21. Qxe7+ Bxe7 22. Nxc8 Rxc8 23. Rc1 Rxc1+ 24. Bxc1 Bxa2 25. 0-0 e4 26. Nd4 Bd5 27. Rd1 Kf7 28. Bg5 Bc5 29. Nb5 Bc6 30. Rc1 Nd7 31. Nd6+ Ke6 32. Nc4 Bd5 33. Be3 Be7 34. Bd4 Nc5 35. Ne3 Nd3 36. Ra1 Nf4 37. Ra6+ Kd7 38. Be5 Ne2+ 39. Kf1 Bc6 40. Ra7+ Ke6 41. Kxe2 Bc5 42. Rc7 Bb5+ 43. Ke1 Bxe3 44. fxe3 1-0

[Event "EU-ch U18 Girls 17th"]
[Site "Sibenik"]
[Date "2007.09.19"]
[Round "6"]
[White "Homiakova, Ekaterina"]
[Black "Tonel, Giulia"]
[Result "1-0"]
[WhiteElo "2089"]
[BlackElo "1934"]
[PlyCount "61"]
[EventDate "2007.09.14"]
[EventType "swiss"]
[EventRounds "9"]
[EventCountry "CRO"]
[SourceTitle "CBM 120 Extra"]
[Source "ChessBase"]
[SourceDate "2007.11.01"]
[SourceVersion "1"]
[SourceVersionDate "2007.11.01"]
[SourceQuality "1"]

1. e4 e5 2. Nf3 Nc6 3. Bb5 a6 4. Ba4 Nf6 5. 0-0 Be7 6. Re1 b5 7. Bb3 0-0 8. h3 d6 9. c3 h6 10. d4 Bb7 11. Nbd2 Re8 12. Nf1 Bf8 13. Ng3 Na5 14. Bc2 Nc4 15. b3 Nb6 16. Qd3 c5 17. d5 c4 18. Qe3 cxb3 19. axb3 Nfd7 20. Nf5 Rc8 21. g4 Qc7 22. Bd2 Nf6 23. g5 Nh5 24. gxh6 g6 25. Qg5 Kh7 26. Ng7 Red8 27. Nxh5 gxh5 28. Qf5+ Kg8 29. Kh2 f6 30. Rg1+ Kh8 31. Qxf6+ 1-0

[Event "Moscow Dvorkovich Cup U16 2nd"]
[Site "Moscow"]
[Date "2007.07.??"]
[Round "6"]
[White "Homiakova, Ekaterina"]
[Black "Muzychuk, Mariya"]
[Result "1-0"]
[WhiteElo "2089"]
[BlackElo "2330"]
[PlyCount "85"]
[EventDate "2007.07.??"]
[EventType "team-tourn"]
[EventRounds "14"]
[EventCountry "RUS"]
[SourceTitle "EXT 2010"]
[Source "ChessBase"]
[SourceDate "2010.11.25"]
[SourceVersion "1"]
[SourceVersionDate "2010.11.25"]
[SourceQuality "1"]

1. e4 c5 2. Nf3 e6 3. Nc3 a6 4. d4 cxd4 5. Nxd4 b5 6. Bd3 Bb7 7. 0-0 d6 8. a3 Nf6 9. Kh1 Nbd7 10. f4 Be7 11. Qf3 Nc5 12. Bd2 0-0 13. Rae1 Qb6 14. Nb3 Nxd3 15. cxd3 a5 16. Be3 Qa6 17. Nd4 b4 18. Ncb5 Bd8 19. a4 Nd7 20. Qg3 Kh8 21. e5 dxe5 22. fxe5 Bd5 23. Qh3 Nxe5 24. Bf4 Ng6 25. Bd6 Be7 26. Bxe7 Nxe7 27. Nc7 Qb6 28. Nxa8 Qxd4 29. Nc7 Qxb2 30. Nxd5 Nxd5 31. Qxe6 Nf6 32. Qe7 Kg8 33. Qc5 b3 34. Qxa5 Qd4 35. Qe5 Qxd3 36. Rf3 Qc2 37. Rg3 Kh8 38. Qc3 Rb8 39. Qe5 Qc8 40. Qb2 Qc7 41. Rxb3 Ra8 42. Rb7 Qa5 43. Rb8+ 1-0